[Event "GRE-ch U14"]
[Site "Kallithea"]
[Date "2009.07.01"]
[Round "9"]
[White "Gialamoudis, Georgios"]
[Black "Tsakiris, Haralambos"]
[Result "0-1"]
[WhiteElo "1581"]
[BlackElo "1699"]
[PlyCount "90"]
[EventDate "2009.06.25"]
[EventType "swiss"]
[EventRounds "9"]
[EventCountry "GRE"]
[SourceTitle "EXT 2011"]
[Source "ChessBase"]
[SourceDate "2010.11.26"]
[SourceVersion "1"]
[SourceVersionDate "2010.11.26"]
[SourceQuality "1"]

1. f4 e6 2. Nf3 d5 3. b3 Nf6 4. Bb2 Bd6 5. e3 c5 6. Bb5+ Bd7 7. Bxd7+ Nbxd7 8. 0-0 0-0 9. d3 Qe7 10. Nbd2 b5 11. Ne5 Rac8 12. Nxd7 Nxd7 13. g4 c4 14. dxc4 bxc4 15. bxc4 dxc4 16. Ne4 Bb8 17. Bc3 e5 18. f5 Nf6 19. Nxf6+ Qxf6 20. Qf3 Rfd8 21. Rf2 h6 22. e4 Bc7 23. Kh1 Bb6 24. Re2 Bd4 25. Rae1 Qa6 26. Bxd4 Rxd4 27. Qg3 f6 28. Ra1 c3 29. Re3 Qc4 30. Rae1 Rd2 31. Rc1 Qb4 32. Rd3 Qxe4+ 33. Kg1 Rxd3 34. cxd3 Qe2 35. Kh1 c2 36. Qg1 Qf3+ 37. Qg2 Qxd3 38. Qg1 e4 39. h4 e3 40. h5 e2 41. a4 Qf3+ 42. Kh2 Qf4+ 43. Kh1 Qxc1 44. Qxc1 e1Q+ 45. Qxe1 c1Q 0-1